000 00877nam a2200229Ii 4500
003 JO-AjNU
008 230605s9999||||xx |||||||||||||| ||und||
017 _a2005/17683
020 _a977-408-025-4
040 _aJO-AjNU
_bara
_erda
_cJO-AjNU
041 _aara
050 1 4 _aRA410.56.L5312 2006
100 3 _aليدستون ، جون/ م مشارك : قسم الترجمة بدار الفاروق,
_eauthor
_932310
245 0 0 _aالخطط التسويقية في مجال الصناعات الدوائية=Marketing Planning for the Pharmaceutical Industry
264 3 1 _aالقاهرة:دار الفاروق ، 2006
300 _a232ص
336 _atext
_btxt
_2rdacontent
337 _aunmediated
_bn
_2rdamedia
338 _avolume
_bnc
_2rdacarrier
490 0 _aمهارات التسويق الحديثة
650 4 _aالمهارات التسويقية
_932311
999 _aA13029
_c16597
_d16597